000 01396nam a2200301 a 4500
001 000000479
003 DO-SdBNP
005 20150716112958.0
007 000000479
008 081204s2008 dr a 000 0 spa d
020 _a9789945443264
040 _aBPMET
_bspa
_cBPMET
049 _aBNPD
_c1[001089], 2 [001090]
092 _a332.41
_bA452q
100 1 _aAlmonte Diloné, Henry
245 1 1 _a¿Qué es la inflación? /
_cHenry Almonte Diloné
260 _aSanto Domingo :
_bBanco Central de la República Dominicana,
_c2008.
300 _a72 p. :
_bil. ;
_c21 cm.
490 _aBanco Central de la República Dominicana, educativa BCRD, no.3
_v106
505 0 _aIntroducción, --
_tBreve historia de la inflación en el mundo --
_tBreve historia en nuestro país --
_t¿Qué es la inflación? --
_tSus causas --
_t¿Cómo se clasifica? --
_t¿Como se mide? --
_t¿Cómo podemos combatirla? --
_tGuía de lectura -- .
_tActividades --
_tTrabajando el concepto --
_t No es lo mismo --
_tA trabajar --
_tOtras actividades --
_tGlosario de términos --
_t Colección del Banco Central --
650 4 _aINFLACIÓN
650 4 _aECONOMÍA
830 _pBanco Central de la República Dominicana, educativa BCRD,
_v106, no. 3
930 1 _lBND01
_mLF1
_820090727
_f01
_pHD
942 _2ddc
_cBK
956 _aVMATEO
_b10
_c20100424
_lBND01
_h00151
956 _aVMATEO
_b10
_c20150716
_lBPMSU
_h00151
999 _c7691
_d7691